000 00744nam a2200253Ia 4500
003 OSt
005 20220927105208.0
006 a|||||r|||| 00| 0
007 ta
008 220926b |||||||| |||| 00| 0 eng d
020 _a9211390427
024 _a196495
037 _cReference Collections
040 _aRTL
_cRTL
_beng
041 _2eng
_aeng
082 _a"X9(F5594):4.1.N8, M6;N3/UN"
110 _aUNITED NATIONS
245 0 _aRecommendations on the transport of dangerous goods.
260 _aNew
_b"York, United Nations, "
_c1993
300 _a"x, 528p."
_ccm.
700 _aUNITED NATIONS
942 _h"X9(F5594):4.1.N8, M6;N3/UN"
_cCC
999 _c691093
_d691093